000 00866cam a2200217 a 4500
001 000013852
005 20200929163355.0
008 840215s1983 ck a b f001 0 spa
020 _a9586000087
040 _aDO-SdBNP
_bspa
_dBNPHU
082 _a338.90068
_bS241s
100 1 _aSapag Chain, Nassir.
_931378
245 1 0 _aFundamentos de preparación y evaluación de proyectos /
_cNassir Sapag Chain, Reinaldo Sapag Chain.
260 _aBogotá :
_bMcGraw-Hill,
_c1983.
300 _axviii, 438 p. :
_bil. ;
_c24 cm.
504 _aIncluye bibliografía e índice.
650 4 _aProyecto de desarrollo económico
_xEvaluación.
_931379
650 4 _aInversiones de capital
_xEvaluación.
_931380
700 1 _aSapag Chain, Reinaldo.
_931381
710 2 _aUniversidad de Chile.
_bFacultad de Ciencias Economicas y Administrativas.
_bDepartamento de Administracion.
_931382
999 _c13462
_d13462